<?xml version="1.0" encoding="UTF-8"?><marc:collection xmlns:marc="http://www.loc.gov/MARC21/slim">
  <marc:record>
    <marc:leader>00000nam##2200000za#4500</marc:leader>
    <marc:controlfield tag="001">9.679726</marc:controlfield>
    <marc:controlfield tag="003">CaOODSP</marc:controlfield>
    <marc:controlfield tag="005">20200328193158</marc:controlfield>
    <marc:controlfield tag="007">ta</marc:controlfield>
    <marc:controlfield tag="008">150407|1996||||xxc|||||     f|0| 0 fre|d</marc:controlfield>
    <marc:datafield tag="040" ind1=" " ind2=" ">
      <marc:subfield code="a">CaOODSP</marc:subfield>
      <marc:subfield code="b">fre</marc:subfield>
    </marc:datafield>
    <marc:datafield tag="043" ind1=" " ind2=" ">
      <marc:subfield code="a">n-cn---</marc:subfield>
    </marc:datafield>
    <marc:datafield tag="086" ind1="1" ind2=" ">
      <marc:subfield code="a">H39-358/1996F</marc:subfield>
    </marc:datafield>
    <marc:datafield tag="110" ind1="1" ind2=" ">
      <marc:subfield code="a">Canada.</marc:subfield>
      <marc:subfield code="b">Santé Canada. </marc:subfield>
      <marc:subfield code="b">Direction générale des services et de la promotion de la santé.</marc:subfield>
    </marc:datafield>
    <marc:datafield tag="245" ind1="1" ind2="0">
      <marc:subfield code="a">Attitudes des parents vis-à-vis les blessures infantiles non intentionnelles / </marc:subfield>
      <marc:subfield code="c">Préparé par SAGE Research Corporation. (pour l'Unité de la santé de la famille et de l'enfance, Santé Canada) </marc:subfield>
    </marc:datafield>
    <marc:datafield tag="260" ind1=" " ind2=" ">
      <marc:subfield code="a">Ottawa - Ontario : </marc:subfield>
      <marc:subfield code="b">Santé Canada. </marc:subfield>
      <marc:subfield code="c">1996.</marc:subfield>
    </marc:datafield>
    <marc:datafield tag="300" ind1=" " ind2=" ">
      <marc:subfield code="a">62p. : </marc:subfield>
      <marc:subfield code="b">références ; </marc:subfield>
      <marc:subfield code="c">28 cm.</marc:subfield>
    </marc:datafield>
    <marc:datafield tag="500" ind1=" " ind2=" ">
      <marc:subfield code="a">«La prévention des blessures infantiles est l'un des principaux champs d'action de l'Initiative pour le développement de l'enfant qui vise à réduire les conditions de risque auxquelles font face les enfants canadiens en bas âge. La présente étude est l'un des nombreux projets réalisés dans le cadre de cette Initiative. Si la prévention des blessures constitue une priorité en matière de santé, on sait bien peu de choses des connaissances et attitudes parentales en ce qui a trait à la prévention des blessures chez leurs enfants. La présente étude vient combler cette lacune et les renseignements qu'elle contient aideront à élaborer des programmes et des politiques efficaces en matière de prévention.»--Préface.</marc:subfield>
    </marc:datafield>
    <marc:datafield tag="520" ind1="3" ind2=" ">
      <marc:subfield code="a">La prévention des blessures infantiles est l'un des principaux champs d'action de l'Initiative pour le développement de l'enfant qui vise à réduire les conditions de risque auxquelles font face les enfants canadiens en bas âge. La présente étude est l'un des nombreux projets réalisés dans le cadre de cette Initiative. Si la prévention des blessures constitue une priorité en matière de santé, on sait bien peu de choses des connaissances et attitudes parentales en ce qui a trait à la prévention des blessures chez leurs enfants. La présente étude vient combler cette lacune et les renseignements qu'elle contient aideront à élaborer des programmes et des politiques efficaces en matière de prévention.--Préface</marc:subfield>
    </marc:datafield>
    <marc:datafield tag="563" ind1=" " ind2=" ">
      <marc:subfield code="a">Reliure à anneaux</marc:subfield>
    </marc:datafield>
    <marc:datafield tag="590" ind1=" " ind2=" ">
      <marc:subfield code="a">98-32</marc:subfield>
      <marc:subfield code="b">1998-08-07</marc:subfield>
    </marc:datafield>
    <marc:datafield tag="691" ind1="0" ind2="7">
      <marc:subfield code="a">Sécurité de l'enfant</marc:subfield>
      <marc:subfield code="2">gcpds</marc:subfield>
    </marc:datafield>
    <marc:datafield tag="775" ind1="0" ind2="8">
      <marc:subfield code="t">Parental attitudes toward unintentional childhood injuries / </marc:subfield>
      <marc:subfield code="w">(CaOODSP)9.646145</marc:subfield>
    </marc:datafield>
    <marc:datafield tag="776" ind1="0" ind2="#">
      <marc:subfield code="t">Attitudes des parents vis-à-vis les blessures infantiles non intentionnelles / </marc:subfield>
      <marc:subfield code="w">(CaOODSP)9.640477</marc:subfield>
    </marc:datafield>
    <marc:datafield tag="020" ind1=" " ind2=" ">
      <marc:subfield code="a">0-662-80942-4</marc:subfield>
    </marc:datafield>
  </marc:record>
</marc:collection>
